| 000 | 01096naa a22003137a 4500 | ||
|---|---|---|---|
| 001 | BR8106285 | ||
| 003 | BR-BrBNA | ||
| 005 | 20240918174923.0 | ||
| 007 | ta | ||
| 008 | 230509b bl.||||| |||| 00| 0 por d | ||
| 040 |
_aBR-BrBNA _bpor _cBiblioteca Nacional de Agricultura |
||
| 041 | _a(Pt) | ||
| 072 |
_aF60 _b0430 _b3575 _bG514 |
||
| 090 | _aF60 BR8106285 | ||
| 100 | 1 | _aFaria, E.A. | |
| 100 | 1 | _aCastro, E.M. de | |
| 245 | 1 | _aEfeito de local e cultivar no poder germinativo e vigor da semente do algodoeiro (Gossypium hirsutum L.)[Triangulo Mineiro, Minas Gerais, Brasil] | |
| 260 | 3 |
_aBelo Horizonte, MG (Brasil): _c1981. |
|
| 500 | _aProjeto algodao. Relatorio 76/78 Belo Horizonte, MG (Brasil): 1981. p. 181-184 (BR8106285-AM)F60 | ||
| 650 | _aALGODAO | ||
| 650 | _aSEMENTE | ||
| 650 | _aPODER GERMINATIVO | ||
| 650 | _aTESTE DE VIGOR | ||
| 650 | _aTRIANGULO MINEIRO | ||
| 650 | _aMINAS GERAIS | ||
| 773 | 0 |
_tProjeto algodao. Relatorio 76/78 _wF60 BR8106285 _gBelo Horizonte, MG (Brasil), 1981. p. 181-184 |
|
| 909 |
_a202404 _bLucia _c55 _dLucia Elande |
||
| 942 |
_cAM _2AGRIS |
||
| 999 |
_c314355 _d314355 |
||